Trouve le personnage d'Inazuma Eleven - Statistiques

Statistiques générales
  • Ce quiz a été pris 207 fois
  • Le résultat moyen est 11 sur 16
Statistiques - réponses
Par images Réponse % Correct
Mark
100%
Shawn
100%
Tod
96%
Ray Dark
94%
Sol
77%
Julia
76%
Zanark
70%
Nakata
69%
Tezcat
68%
Lina
60%
Julio
54%
Talisman
51%
Terry
49%
Sor
48%
Froy
26%
Hiroto
26%
Aucun quiz correspondant
Distribution des résultats
% des personnes avec chaque résultat
Percentile par nombre de réponses
Votre historique - résultats
Vous n’avez pas pris ce quiz